| 000 | 01179cam a22002771i 4500 | ||
|---|---|---|---|
| 003 | SA-RiAUC | ||
| 005 | 20250915115731.0 | ||
| 008 | 250907s1996 ir g 000 0 ara c | ||
| 040 |
_aSA-JeALM _bara _cSA-RiAUC. _erda |
||
| 050 | 0 | 4 | _bN373A93 1996 |
| 082 | 0 | 4 |
_a247 _qSA-RiAUC |
| 090 |
_a247 _bن ر ا |
||
| 100 | 1 |
_aالنراقي، أحمد بن محمد مهدي، _d1185-1245 هجري _eمؤلف. |
|
| 245 | 1 | 0 |
_aعوائد الأيام / _cأحمد النراقي ؛ تحقيق مركز الأبحاث والدراسات الإسلامية. |
| 250 | _aالطبعة الأولى. | ||
| 264 | 1 |
_aقم، إيران : _bمكتب الإعلام الإسلامي، _c1996 |
|
| 300 |
_a960 صفحة ؛ _c24 سم |
||
| 336 |
_aنص _btxt _2rdacontent _3كتاب |
||
| 337 |
_aبدون وسيط _bn _2rdamedia |
||
| 338 |
_aمجلد _bnc _2rdacarrier |
||
| 500 | _aاهداء من معاونية البحوث في جامعة المفيد. | ||
| 650 | 7 |
_aعقائد الشيعة _2aucsh |
|
| 710 | 2 |
_aمركز الأبحاث والدراسات الإسلامية (قم، إيران) _eمحقق. |
|
| 942 |
_2ddc _cBOOK _n0 |
||
| 949 |
_aSA-JeALM _d250907 _uosman123 _n1 |
||
| 999 |
_c11769 _d11769 |
||